000 02287nam0a2200409 4500
001 RU\NLR\BIBL_A\012704569
005 20220419185726.0
010 _a978-5-6041369-5-9
021 _aRU
_bКН-П-23-039387
_9КН-П-23-3925
021 _aRU
_bКН-П-21-067953
_9КН-П-21-5376
035 _a(NLR Aleph) 012704569
035 _a(RuMoRGB)010824546
090 _a12889824
_c12889824
100 _a20220210d2021 c y0rusy50 ca
101 0 _arus
102 _aRU
105 _aa|||j|||000ay
181 0 _ai3
_baxxe
181 0 _ab1
_bxb2e
182 0 _an
200 1 _aСемейные традиции
_eкнига 5 для развития детей дошкольного возраста (6-8 лет)
_fсоставители: Ольга Сергеевна Абрамова [и др.]
_gпод общей редакцией профессора И.А. Кузьмина
_gхудожник: М.А. Тодорова
203 _aТекст
_aИзображение
_bвизуальные
_cнепосредственные
210 _aМосква
_cИстоки
_d2021
215 _a55, [1] с.
_cил.
_d29
225 1 _aСоциокультурные истоки
225 1 _aБиблиотека Технологической Школы Бизнеса
225 1 _aСоциокультурный системный подход к истокам в образовании
300 _aКн. является составной частью комплекта "Истоки" и "Воспитание на социокультурном опыте" для детей дошк. возраста (3-8 лет)
606 1 _aДошкольники
_xОзнакомление с русской семейной культурой
_92047121
_3RU\NLR\AUTH\661228171
686 1 _aЧ411.387
702 1 _4220
_7ca
_8rus
_aАбрамова
_bО. С.
_cметодист, дошкол. образование
_gОльга Сергеевна
_9237273
_3RU\NLR\AUTH\770237329
702 1 _4340
_7ca
_8rus
_aКузьмин
_bИ. А.
_cпедагог-методист
_gИгорь Алексеевич
_932401
_3RU\NLR\AUTH\7749466
702 1 _aТодорова
_bМ. А.
_4040
942 _cBOOK
980 _aNB